Puchar Narodów Afryki 2022 - Statystyki

Ogólne statystyki
  • Ten quiz został rozwiązany 125 razy
  • Średni wynik to 17 z 24
Statystyki odpowiedzi
Grupa Drużyna % Poprawnych
1 Egipt
100%
3 Senegal
95%
1 Algieria
90%
3 Kamerun
90%
4 Maroko
90%
4 Tunezja
87%
3 Ghana
86%
3 Nigeria
83%
2 Wybrzeże Kości Słoniowej
80%
2 Mali
75%
1 Gwinea
73%
2 Gabon
70%
4 Sudan
69%
4 Etiopia
67%
4 Zimbabwe
67%
2 Gwinea Bissau
64%
3 Gwinea Równikowa
62%
1 Burkina Faso
57%
1 Gambia
55%
3 Mauretania
54%
2 Republika Zielonego Przylądka
48%
4 Sierra Leone
43%
1 Komory
38%
2 Malawi
36%
Nie znaleziono quizów pasujących do podanych kryteriów
Rozkład punktacji
Procent ludzi z każdym wynikiem
Percentyl według liczby udzielonych odpowiedzi
Twoja historia wyników
Nie rozwiązałeś tego quizu